000 00662nam a2200253Ia 4500
003 OSt
005 20220918164939.0
006 a|||||r|||| 00| 0
007 ta
008 220917b |||||||| |||| 00| 0 eng d
020 _a0824071662 (HB)
024 _a249,188
037 _cTextual
040 _aARTS
_cARTS
_beng
041 _2eng
_aeng
082 _aY:4(S5), L9
100 _aBullough Vern L.
_921886
245 0 _aHomosexuality
_b A history
260 _aNew York
_bGarland STPM Press USA
_c1979
300 _aix,196p.
_ccm.
650 _aSOCIOLOGY
942 _hY:4(S5), L9
_cTEXL
_2CC
999 _c127602
_d127602